| 000 | 00738cab a2200229 4500 | ||
|---|---|---|---|
| 001 | WB3217-15 | ||
| 008 | 090401t1996 xxu||||| |||| 00| 0 eng d | ||
| 035 | _a(Sirsi) u6929 | ||
| 041 | _aeng | ||
| 245 | _aSplit equity deals | ||
| 260 | _c1996 | ||
| 350 | _a0 | ||
| 490 |
_aDaily Telegraph _v27 April 1996, B11(2) |
||
| 520 | _aThe first case involving a shared-equity deal goes to court on 10 May 1996. The homeowners concerned now face repossession because they are unable to pay the remaining 50% owed on the original property price. | ||
| 650 | _a50:50 DEALS | ||
| 650 | _aREGALIAN PROPERTIES | ||
| 650 | _aSHARED EQUITY | ||
| 650 | _aSPLIT EQUITY DEALS | ||
| 690 | _aHOUSING-FINANCE | ||
| 942 | _n0 | ||
| 948 | _c04/03/1997 | ||
| 999 |
_c4123 _d4123 |
||